根据线路图局部写出中国各轨道交通城市 Name China rail transit city by route map part - Statistics

General Stats
  • This quiz has been taken 142 times
  • The average score is 27 of 48
Answer Stats
Picture Answer % Correct
台州
87%
澳门
80%
上海
75%
呼和浩特
73%
成都
73%
长沙/湘潭
73%
香港
72%
杭州/嘉兴/绍兴
71%
乌鲁木齐
71%
贵阳
68%
北京/廊坊
68%
长春
63%
芜湖
62%
天津
62%
重庆
62%
洛阳
62%
南京/滁州/镇江
62%
厦门
60%
徐州
60%
沈阳
59%
广州/佛山
59%
太原
58%
西安/咸阳
57%
高雄
57%
金华
56%
南宁
56%
南昌
56%
哈尔滨
55%
深圳
53%
兰州
52%
温州
51%
青岛
50%
无锡
50%
台北/新北/桃园
49%
合肥
49%
宁波
48%
大连
47%
武汉/鄂州
46%
常州
45%
东莞
44%
济南
43%
石家庄
43%
苏州
41%
昆明
40%
福州
37%
南通
35%
郑州/许昌
32%
台中
31%
No matching quizzes found
Score Distribution
Percent of People with Each Score
Percentile by Number Answered
Your Score History
You have not taken this quiz